Vista normal Vista MARC

Entrada Topical Term

Número de registros utilizados en: 12

001 - CONTROL NUMBER

  • control field: 6991

003 - CONTROL NUMBER IDENTIFIER

  • control field: OSt

005 - DATE AND TIME OF LATEST TRANSACTION

  • control field: 20200710111206.0

008 - FIXED-LENGTH DATA ELEMENTS

  • fixed length control field: 200710|| aca||aabn | a|a d

040 ## - CATALOGING SOURCE

  • Original cataloging agency: OSt
  • Transcribing agency: OSt

150 ## - HEADING--TOPICAL TERM

  • Topical term or geographic name entry element: Novela estadounidense
  • Chronological subdivision: siglo XX

670 ## - SOURCE DATA FOUND

  • Source citation: Work cat.: (OSt)4545: Foster, Alan Dean, autor 6990, Star wars : , ©2015